| 000 | 00396nam a2200109Ia 4500 | ||
|---|---|---|---|
| 008 | 171204s9999 xx 000 0 und d | ||
| 245 | _aConcise Review Of Veterinary Microbiology: | ||
| 245 | _cB. K. Markey, E. S. FitzPatrick, F. C. Leonard, P. J. Quinn, and S. Fanning | ||
| 260 | _c2015 | ||
| 650 | _xMicrobiology & Parasitology | ||
| 856 | _uhttp://down.ebook777.com/022/ConRevOfVetMic2ndEdi.pdf | ||
| 999 |
_c346384 _d346384 |
||